[Event "III C.to Mondiale a squadre U26"]
[Site "Graz AUT"]
[Date "1981.08.18"]
[Round "2.1"]
[White "Duer, Arne"]
[Black "Messa, Roberto"]
[WhiteElo "2395"]
[BlackElo "2290"]
[Result "1-0"]
[Annotator "ITA-AUT1"]
[PlyCount "95"]
[EventDate "1981.08.16"]

1. c4 Nf6 2. Nf3 c5 3. Nc3 e6 4. d4 d5 5. cxd5 exd5 6. g3 Nc6 7. Bg2 Be7 8. O-O
O-O 9. b3 Ne4 10. Bb2 Bf6 11. Na4 Re8 12. Rc1 cxd4 13. Nxd4 Bxd4 14. Bxd4 Bf5
15. e3 Qe7 16. Nc5 Rad8 17. Re1 Ng5 18. Bb2 Ne6 19. Nxe6 fxe6 20. Qe2 Bg6 21.
Red1 Qf7 22. Qf3 Qe7 23. Qg4 Qf7 24. Qf4 Rc8 25. Ba3 Qxf4 26. gxf4 Kf7 27. Bh3
Be4 28. Bg4 g6 29. Be2 Ne7 30. Bc5 a6 31. f3 Bf5 32. b4 Red8 33. a4 Ng8 34. Bb6
Rf8 35. e4 dxe4 36. Rd7+ Ne7 37. Rxc8 Rxc8 38. Bc5 Re8 39. Rxb7 exf3 40. Bxa6
Be4 41. Rc7 Kf6 42. Bb5 Nd5 43. Bd4+ e5 44. Bxe5+ Rxe5 45. fxe5+ Kxe5 46. Rxh7
Kd4 47. Bc6 Ke3 48. Rf7 1-0

[Event "III C.to Mondiale a squadre U26"]
[Site "Graz AUT"]
[Date "1981.08.18"]
[Round "2.2"]
[White "Iannaccone, Ernesto"]
[Black "Swoboda, Ernst"]
[WhiteElo "2295"]
[BlackElo "2260"]
[Result "1/2-1/2"]
[Annotator "ITA-AUT1"]
[PlyCount "82"]
[EventDate "1981.08.16"]

1. Nf3 Nf6 2. d4 e6 3. c4 b6 4. e3 Bb7 5. Bd3 d5 6. O-O Nbd7 7. b3 Bd6 8. Bb2
O-O 9. Nbd2 Qe7 10. Qe2 Ne4 11. Rac1 Rad8 12. Rfd1 f5 13. Ne5 f4 14. cxd5 exd5
15. Nxe4 dxe4 16. Bc4+ Kh8 17. Qh5 Bxe5 18. dxe5 fxe3 19. fxe3 Nc5 20. Rxd8
Rxd8 21. Rf1 Bd5 22. Bxd5 Rxd5 23. Qf5 h6 24. b4 Nd3 25. Qxe4 c6 26. Bc3 Nxe5
27. h3 Qd6 28. a3 c5 29. bxc5 bxc5 30. Rf8+ Qxf8 31. Qxd5 Ng6 32. Qd7 Qe7 33.
Qxe7 Nxe7 34. e4 Kg8 35. Kf2 Nc8 36. Ke3 Nb6 37. Kd3 Kf7 38. Be5 g5 39. Bb8 a6
40. Ba7 Nd7 41. Kc4 Ke6 1/2-1/2

[Event "III C.to Mondiale a squadre U26"]
[Site "Graz AUT"]
[Date "1981.08.18"]
[Round "2.3"]
[White "Poecksteiner, Johann"]
[Black "Trabattoni, Franco"]
[WhiteElo "2240"]
[BlackElo "2310"]
[Result "1/2-1/2"]
[Annotator "ITA-AUT1"]
[PlyCount "81"]
[EventDate "1981.08.16"]

1. d4 Nf6 2. c4 e6 3. Nc3 Bb4 4. g3 c5 5. Nf3 O-O 6. Bg2 d5 7. cxd5 Nxd5 8. Bd2
Nc6 9. Nxd5 Qxd5 10. Bxb4 Nxb4 11. O-O cxd4 12. Nxd4 Qh5 13. Qb3 Nd5 14. Rac1
Nf6 15. Qb5 e5 16. Nf3 Bg4 17. Rc5 Rfe8 18. Re1 Rac8 19. Rxe5 Rxe5 20. Qxe5
Bxf3 21. exf3 Qxe5 22. Rxe5 Rc2 23. Rb5 b6 24. Bf1 Kf8 25. a4 Nd7 26. a5 Ke7
27. axb6 axb6 28. b3 Kd6 29. Bc4 f6 30. f4 Kc7 31. Bd3 Rc1+ 32. Kg2 h6 33. Rd5
Nc5 34. Bf5 Kc6 35. Rd8 Nxb3 36. Rg8 b5 37. Rxg7 Nd4 38. Bd7+ Kd6 39. Bxb5 Nxb5
40. Rg6 Ke7 41. Rxh6 1/2-1/2

[Event "III C.to Mondiale a squadre U26"]
[Site "Graz AUT"]
[Date "1981.08.19"]
[Round "3.1"]
[White "Messa, Roberto"]
[Black "Kuligowski, Adam"]
[WhiteElo "2290"]
[BlackElo "2405"]
[Result "1-0"]
[Annotator "ITA-POL"]
[PlyCount "67"]
[EventDate "1981.08.16"]

1. e4 c5 2. d4 cxd4 3. c3 dxc3 4. Nxc3 Nc6 5. Nf3 e6 6. Bc4 a6 7. O-O Nge7 8.
Bg5 f6 9. Be3 b5 10. Bb3 Ng6 11. Nd4 Nxd4 12. Bxd4 Bd6 13. Qg4 O-O 14. f4 Kh8
15. f5 Ne5 16. Bxe5 Bxe5 17. Rf3 Qe8 18. Rh3 h6 19. Rd1 d5 20. Rh5 Ra7 21. Ne2
Re7 22. exd5 exf5 23. Qh4 Bd6 24. Nd4 Re4 25. Rxh6+ gxh6 26. Qxh6+ Kg8 27. Ne6
Rg4 28. Rd3 Qg6 29. Qd2 Re8 30. Rh3 Re4 31. Rh6 Qf7 32. Rh3 Qg6 33. Rh6 Qf7 34.
Rh3 1-0

[Event "III C.to Mondiale a squadre U26"]
[Site "Graz AUT"]
[Date "1981.08.19"]
[Round "3.2"]
[White "Tomaszewski, Roman"]
[Black "Iannaccone, Ernesto"]
[WhiteElo "2385"]
[BlackElo "2295"]
[Result "1/2-1/2"]
[Annotator "ITA-POL"]
[PlyCount "38"]
[EventDate "1981.08.16"]

1. d4 Nf6 2. c4 e6 3. Nf3 b6 4. Bf4 Bb7 5. e3 Be7 6. h3 c5 7. Nc3 cxd4 8. Qxd4
O-O 9. Bd6 Na6 10. Be2 Nc5 11. Rd1 Bxd6 12. Qxd6 Qb8 13. Nb5 Nce4 14. Qxb8
Raxb8 15. a3 Ra8 16. O-O Rfd8 17. Ne5 d6 18. Nf3 Kf8 19. Rc1 Ke7 1/2-1/2

[Event "III C.to Mondiale a squadre U26"]
[Site "Graz AUT"]
[Date "1981.08.19"]
[Round "3.3"]
[White "Coppini, Giorgio"]
[Black "Panczyk, Krzysztof"]
[WhiteElo "2265"]
[BlackElo "2375"]
[Result "1/2-1/2"]
[Annotator "ITA-POL"]
[PlyCount "49"]
[EventDate "1981.08.16"]

1. c4 e6 2. Nf3 Nf6 3. g3 d5 4. Bg2 dxc4 5. Qa4+ Nbd7 6. Qxc4 c5 7. O-O b6 8.
d4 Bb7 9. Nc3 Rc8 10. Rd1 cxd4 11. Qxd4 Bc5 12. Qh4 a6 13. Bg5 b5 14. Ne5 Qb6
15. Bxb7 Qxb7 16. Nxd7 Nxd7 17. Ne4 f6 18. Be3 Be7 19. Nd6+ Bxd6 20. Rxd6 Rc6
21. Qd4 Rxd6 22. Qxd6 Kf7 23. Rd1 Ne5 24. b3 Rc8 25. Bf4 1/2-1/2

[Event "III C.to Mondiale a squadre U26"]
[Site "Graz AUT"]
[Date "1981.08.19"]
[Round "3.4"]
[White "Stempin, Pawel"]
[Black "Sanna, Gianlazzaro"]
[WhiteElo "2365"]
[BlackElo "2255"]
[Result "1/2-1/2"]
[Annotator "ITA-POL"]
[PlyCount "57"]
[EventDate "1981.08.16"]

1. d4 Nf6 2. c4 e6 3. Nc3 Bb4 4. Nf3 b6 5. Bg5 h6 6. Bh4 Bb7 7. e3 g5 8. Bg3
Ne4 9. Qc2 d6 10. Bd3 Bxc3+ 11. bxc3 Nxg3 12. hxg3 Nd7 13. a4 a5 14. Be4 Bxe4
15. Qxe4 Nf6 16. Qc6+ Ke7 17. Nd2 Qd7 18. Qb5 Qxb5 19. cxb5 c6 20. Rb1 Rac8 21.
c4 c5 22. Rc1 h5 23. Ke2 Rc7 24. f3 cxd4 25. exd4 Rhc8 26. Kd3 Rh8 27. Rc2 Nd7
28. Nf1 f5 29. g4 1/2-1/2

[Event "III C.to Mondiale a squadre U26"]
[Site "Graz AUT"]
[Date "1981.08.20"]
[Round "4.1"]
[White "Groszpeter, Attila"]
[Black "Messa, Roberto"]
[WhiteElo "2425"]
[BlackElo "2290"]
[Result "1-0"]
[Annotator "ITA-HUN"]
[PlyCount "137"]
[EventDate "1981.08.16"]

1. e4 e6 2. d3 d5 3. Nd2 Nf6 4. Ngf3 b6 5. c3 c5 6. Be2 Be7 7. O-O O-O 8. Re1
Nc6 9. Bf1 Qc7 10. Nb3 e5 11. Bg5 d4 12. cxd4 cxd4 13. Rc1 Bd7 14. Nbd2 Rac8
15. a3 Qb8 16. b4 Rfe8 17. h3 h6 18. Bh4 Nh7 19. Bg3 Bg5 20. b5 Na5 21. Rxc8
Bxc8 22. Nxd4 Qd6 23. N4f3 Qxa3 24. Nxe5 Qb4 25. Ndc4 Bf6 26. Nxa5 Qxa5 27. Nc4
Qb4 28. Qb1 Qa4 29. Nd6 Rd8 30. e5 Be7 31. Qa1 Qb4 32. Rb1 Qd2 33. Ne4 Qc2 34.
Rc1 Qb3 35. Qxa7 Bd7 36. Qxb6 Qxb5 37. Qxb5 Bxb5 38. Rc7 Kf8 39. Rc3 Ke8 40. f4
Nf8 41. f5 Nd7 42. d4 Bxf1 43. Kxf1 Nb6 44. Bf2 Nd5 45. Rb3 Bb4 46. g3 Ra8 47.
Rb2 Ra3 48. Ke2 Kd7 49. Rc2 Bc3 50. Nc5+ Kc6 51. Ne4 Kd7 52. h4 h5 53. Nc5+ Ke7
54. Nd3 g6 55. fxg6 fxg6 56. Be3 Ke6 57. Rc1 Ra2+ 58. Kf3 Kf5 59. Rb1 Ra3 60.
Rb5 Nc7 61. Rb6 Ne6 62. Rxe6 Kxe6 63. Ke4 Ba5 64. d5+ Kf7 65. e6+ Ke8 66. d6
Ra4+ 67. Kd5 Bd8 68. d7+ Kf8 69. Bc5+ 1-0

[Event "III C.to Mondiale a squadre U26"]
[Site "Graz AUT"]
[Date "1981.08.20"]
[Round "4.2"]
[White "Trabattoni, Franco"]
[Black "Karolyi, Tibor jr"]
[WhiteElo "2310"]
[BlackElo "2310"]
[Result "0-1"]
[Annotator "ITA-HUN"]
[PlyCount "112"]
[EventDate "1981.08.16"]

1. e4 c5 2. Nf3 d6 3. d4 cxd4 4. Nxd4 Nf6 5. Nc3 a6 6. Bg5 e6 7. f4 Qb6 8. Nb3
Be7 9. Qf3 Nbd7 10. O-O-O Qc7 11. Bd3 b5 12. Bxf6 Nxf6 13. e5 Bb7 14. Qg3 dxe5
15. fxe5 Nd7 16. Rhe1 O-O 17. Bxh7+ Kxh7 18. Qd3+ Kg8 19. Qxd7 Rac8 20. Qxc7
Rxc7 21. Ne4 Bd5 22. Kb1 Rfc8 23. Rd2 Kh7 24. Rf2 Kg6 25. Re3 Bg5 26. Nxg5 Kxg5
27. c3 Kg6 28. Rf4 f5 29. exf6 gxf6 30. Rg3+ Kf7 31. Rh4 e5 32. Nd2 Ke6 33. a3
Ra8 34. Kc2 Rd7 35. Nb3 Bxb3+ 36. Kxb3 Rd2 37. Rh6 Rf2 38. Rf3 Rxf3 39. gxf3
Rd8 40. Rh3 Rd2 41. Rh8 Kf5 42. Ra8 Rd6 43. Kb4 Kf4 44. Rh8 f5 45. Rh3 e4 46.
fxe4 fxe4 47. Rh8 Re6 48. Rf8+ Kg4 49. c4 bxc4 50. Kxc4 e3 51. Rf1 e2 52. Re1
Kf3 53. b4 Kf2 54. Ra1 e1=Q 55. Rxe1 Rxe1 56. Kb3 Re3+ 0-1

[Event "III C.to Mondiale a squadre U26"]
[Site "Graz AUT"]
[Date "1981.08.20"]
[Round "4.3"]
[White "Karsa, Laszlo"]
[Black "Vallifuoco, Giovanni"]
[WhiteElo "2390"]
[BlackElo "2320"]
[Result "0-1"]
[Annotator "ITA-HUN"]
[PlyCount "118"]
[EventDate "1981.08.16"]

1. d4 Nf6 2. c4 g6 3. Nc3 d5 4. Nf3 Bg7 5. e3 O-O 6. Qb3 e6 7. Bd2 c6 8. Bd3
Nbd7 9. O-O b6 10. e4 Ba6 11. e5 Ne8 12. Bg5 Qc7 13. Qa4 Bxc4 14. Bxc4 dxc4 15.
Qxc4 h6 16. Bh4 b5 17. Qb3 Nb6 18. Rfc1 Qd7 19. a4 Nc7 20. a5 Nbd5 21. Ne4 g5
22. Bg3 Ne7 23. h4 g4 24. Nf6+ Bxf6 25. exf6 Nf5 26. Ne5 Qd5 27. Qd1 Qxd4 28.
Rxc6 Nd5 29. Qxg4+ Qxg4 30. Nxg4 h5 31. Ne5 Rfd8 32. Re1 Nxf6 33. Rc7 Nd5 34.
Rxf7 a6 35. Rd7 Rdc8 36. Ng6 Nf6 37. Ne7+ Kf7 38. Nxc8+ Nxd7 39. Nd6+ Nxd6 40.
Bxd6 Rc8 41. Re3 Rc6 42. Bf4 Nf6 43. Rf3 Nd5 44. Bg5+ Kg6 45. Kh2 Rc2 46. b3 b4
47. Kg3 Rc5 48. Bd8 e5 49. Bb6 Rc3 50. Kh2 Nf6 51. Rg3+ Ng4+ 52. Kh3 Rc1 53.
Rf3 Rc3 54. Rg3 e4 55. Rxc3 bxc3 56. Bc5 c2 57. Ba3 Nxf2+ 58. Kg3 Nd3 59. b4
Nxb4 0-1

[Event "III C.to Mondiale a squadre U26"]
[Site "Graz AUT"]
[Date "1981.08.20"]
[Round "4.4"]
[White "Sanna, Gianlazzaro"]
[Black "Pirisi, Gabor"]
[WhiteElo "2255"]
[BlackElo "2355"]
[Result "0-1"]
[Annotator "ITA-HUN"]
[PlyCount "102"]
[EventDate "1981.08.16"]

1. c4 Nf6 2. Nf3 g6 3. g3 Bg7 4. Bg2 O-O 5. O-O d6 6. Nc3 c5 7. d4 Nc6 8. b3
Bg4 9. Be3 Bxf3 10. Bxf3 Ng4 11. Bxc6 bxc6 12. Qd3 Qa5 13. Rac1 cxd4 14. Bxd4
Qh5 15. h4 e5 16. Be3 Nxe3 17. fxe3 Rad8 18. e4 f5 19. Qf3 Qh6 20. Kg2 f4 21.
Qg4 fxg3 22. Qxg3 Bf6 23. Rh1 Rd7 24. Rcf1 Rdf7 25. Rf3 Bd8 26. Rxf7 Rxf7 27.
c5 Qh5 28. cxd6 Rf4 29. Qh3 Bxh4 30. Rf1 Qg5+ 31. Kh1 Bf2 32. Qe6+ Kf8 33. Qe7+
Qxe7 34. dxe7+ Kxe7 35. Nb1 Be3 36. Rxf4 Bxf4 37. Kg2 Kd6 38. Na3 h5 39. Nc4+
Ke6 40. Na5 g5 41. Nxc6 g4 42. Nxa7 h4 43. Nb5 h3+ 44. Kh1 g3 45. Nc7+ Kf6 46.
Nd5+ Kg5 47. b4 Bd2 48. Kg1 Be1 49. a4 Bf2+ 50. Kf1 h2 51. Kg2 Kh4 0-1

[Event "III C.to Mondiale a squadre U26"]
[Site "Graz AUT"]
[Date "1981.08.21"]
[Round "5.1"]
[White "Iannaccone, Ernesto"]
[Black "Schussler, Harry"]
[WhiteElo "2295"]
[BlackElo "2495"]
[Result "0-1"]
[Annotator "ITA-SWE"]
[PlyCount "143"]
[EventDate "1981.08.16"]

1. Nf3 b6 2. g3 Bb7 3. Bg2 g6 4. d4 Nf6 5. c4 Bg7 6. Nc3 Ne4 7. Nxe4 Bxe4 8.
O-O c5 9. e3 O-O 10. b3 d5 11. Bb2 Nc6 12. Qd2 dxc4 13. bxc4 cxd4 14. Nxd4 Bxg2
15. Kxg2 Rc8 16. Qe2 Na5 17. Rfd1 Rxc4 18. Nf3 Qc7 19. Bxg7 Kxg7 20. Qb2+ Kg8
21. Kg1 Rc8 22. Rd2 Nb7 23. Rad1 Nd6 24. Nd4 Rc5 25. Qb3 Qb7 26. Rd3 Qa6 27. h3
Qc4 28. Qb2 Qa4 29. h4 Ra5 30. a3 Rac5 31. Kg2 h5 32. Kg1 Qd7 33. Qe2 Qc7 34.
e4 Re5 35. f3 Nb5 36. Nxb5 Rxb5 37. Kg2 Rc5 38. Rd7 Rc2 39. R1d2 Qxd7 40. Rxc2
Rd8 41. Rc3 e5 42. Qc2 Qd6 43. Rc8 Rxc8 44. Qxc8+ Kg7 45. Qa6 Qd2+ 46. Kg1 Qd7
47. Qe2 Qa4 48. Qb2 b5 49. Kg2 Qd4 50. Qb3 Qc5 51. f4 Qc6 52. Qe3 Qc2+ 53. Kh3
Qd1 54. Kh2 Qd4 55. Qf3 exf4 56. gxf4 a5 57. f5 Qf6 58. Qg3 Qb2+ 59. Kh3 b4 60.
axb4 axb4 61. Qd6 Qc3+ 62. Kg2 b3 63. fxg6 Qf6 64. Qb4 Qxg6+ 65. Kf2 Qf6+ 66.
Kg3 b2 67. Kg2 Kg6 68. Kg3 Qe5+ 69. Kf3 Qh2 70. Qb6+ f6 71. Qb5 Qh3+ 72. Ke2
0-1

[Event "III C.to Mondiale a squadre U26"]
[Site "Graz AUT"]
[Date "1981.08.21"]
[Round "5.2"]
[White "Ekstroem, Roland"]
[Black "Trabattoni, Franco"]
[WhiteElo "2405"]
[BlackElo "2310"]
[Result "1/2-1/2"]
[Annotator "ITA-SWE"]
[PlyCount "42"]
[EventDate "1981.08.16"]

1. e4 c5 2. Nf3 d6 3. d4 cxd4 4. Nxd4 Nf6 5. Nc3 g6 6. Be3 Bg7 7. f3 O-O 8. Qd2
Nc6 9. O-O-O Nxd4 10. Bxd4 Be6 11. Kb1 Qc7 12. g4 Rfc8 13. h4 Qa5 14. a3 Rab8
15. Bxf6 Bxf6 16. Nd5 Qxd2 17. Nxf6+ Kg7 18. Rxd2 Kxf6 19. Kc1 h6 20. Kd1 b5
21. Bd3 a5 1/2-1/2

[Event "III C.to Mondiale a squadre U26"]
[Site "Graz AUT"]
[Date "1981.08.21"]
[Round "5.3"]
[White "Vallifuoco, Giovanni"]
[Black "Cramling, Dan"]
[WhiteElo "2320"]
[BlackElo "2350"]
[Result "1/2-1/2"]
[Annotator "ITA-SWE"]
[PlyCount "81"]
[EventDate "1981.08.16"]

1. d4 g6 2. c4 Bg7 3. Nc3 d6 4. e4 e5 5. dxe5 dxe5 6. Qxd8+ Kxd8 7. f4 Nc6 8.
Nf3 Nd4 9. Bd3 Nxf3+ 10. gxf3 c6 11. Be3 f6 12. O-O-O exf4 13. Bxf4 Bh6 14.
Bxh6 Nxh6 15. c5 Ke7 16. Bc4 Bh3 17. Rd6 Rad8 18. Rhd1 Rxd6 19. cxd6+ Kd7 20.
f4 Be6 21. Bf1 Nf7 22. Bg2 Rd8 23. b3 Bg4 24. Rd3 Kc8 25. Rg3 Bd7 26. Rd3 Re8
27. Kd2 Re6 28. Ke3 Rxd6 29. Rxd6 Nxd6 30. h4 Be6 31. Kd4 Kc7 32. b4 b6 33. Bf1
Nf7 34. e5 fxe5+ 35. fxe5 Nh6 36. Bd3 Bf5 37. Ne4 Bxe4 38. Kxe4 Nf5 39. Kf4 Nh6
40. Kg5 Ng8 41. Bc4 1/2-1/2

[Event "III C.to Mondiale a squadre U26"]
[Site "Graz AUT"]
[Date "1981.08.21"]
[Round "5.4"]
[White "Sjoberg, Mats"]
[Black "Coppini, Giorgio"]
[WhiteElo "2330"]
[BlackElo "2265"]
[Result "1/2-1/2"]
[Annotator "ITA-SWE"]
[PlyCount "97"]
[EventDate "1981.08.16"]

1. d4 d5 2. c4 c6 3. Nf3 Nf6 4. Nc3 e6 5. e3 Nbd7 6. Bd3 Bd6 7. O-O O-O 8. e4
dxe4 9. Nxe4 Nxe4 10. Bxe4 h6 11. Bc2 c5 12. b3 Re8 13. Qd3 Nf6 14. Bb2 b6 15.
Rfe1 cxd4 16. Nxd4 Bb7 17. Rad1 a6 18. Qh3 Qc7 19. Nf3 Bf4 20. Ne5 Rad8 21. Nd3
Ne4 22. Qh4 Bg5 23. Qg4 f5 24. Qe2 Bh4 25. Rf1 Qc6 26. f3 Nc5 27. Ne5 Qc7 28.
b4 Nd7 29. Ba4 b5 30. cxb5 axb5 31. Qxb5 Nxe5 32. Bxe5 Qf7 33. Qc4 Bd5 34. Qxh4
Qa7+ 35. Kh1 Qxa4 36. Rd2 Rd7 37. Rfd1 Red8 38. Ba1 Qc6 39. Qd4 Qb7 40. a3 Qc6
41. Qe5 Bxf3 42. Rd6 Kf8 43. b5 Bxg2+ 44. Kg1 Qf3 45. Qxg7+ Rxg7 46. Rxd8+ Kf7
47. R8d7+ Ke8 48. Rd8+ Kf7 49. R8d7+ 1/2-1/2

[Event "III C.to Mondiale a squadre U26"]
[Site "Graz AUT"]
[Date "1981.08.22"]
[Round "6.1"]
[White "Van Der Wiel, John T.H."]
[Black "Messa, Roberto"]
[WhiteElo "2470"]
[BlackElo "2290"]
[Result "1-0"]
[Annotator "ITA-NED"]
[PlyCount "47"]
[EventDate "1981.08.16"]

1. e4 c6 2. d4 d5 3. e5 Bf5 4. Nc3 e6 5. g4 Bg6 6. Nge2 f6 7. h4 fxe5 8. h5 Bf7
9. dxe5 Nd7 10. f4 Bc5 11. Nd4 Qb6 12. Na4 Qa5+ 13. c3 Bxd4 14. Qxd4 c5 15. Qd1
O-O-O 16. Be3 Ne7 17. Nxc5 Nxc5 18. b4 Qa3 19. Bxc5 Qxc3+ 20. Kf2 Qb2+ 21. Kg1
Nc6 22. Rh2 Qa3 23. Rh3 Qb2 24. Rb3 1-0

[Event "III C.to Mondiale a squadre U26"]
[Site "Graz AUT"]
[Date "1981.08.22"]
[Round "6.2"]
[White "Vallifuoco, Giovanni"]
[Black "Janssen, Han"]
[WhiteElo "2320"]
[BlackElo "2255"]
[Result "1/2-1/2"]
[Annotator "ITA-NED"]
[PlyCount "21"]
[EventDate "1981.08.16"]

1. c4 e5 2. Nc3 Nf6 3. Nf3 Nc6 4. g3 Bb4 5. Nd5 Bc5 6. Bg2 e4 7. Nh4 d6 8. d3
exd3 9. Qxd3 Ne5 10. Qc2 c6 11. Ne3 1/2-1/2

[Event "III C.to Mondiale a squadre U26"]
[Site "Graz AUT"]
[Date "1981.08.22"]
[Round "6.3"]
[White "Grooten, Herman"]
[Black "Coppini, Giorgio"]
[WhiteElo "2355"]
[BlackElo "2265"]
[Result "0-1"]
[Annotator "ITA-NED"]
[PlyCount "66"]
[EventDate "1981.08.16"]

1. c4 c6 2. d4 d5 3. cxd5 cxd5 4. Nc3 Nf6 5. Bf4 Nc6 6. Nf3 Bf5 7. e3 e6 8. Bb5
Nd7 9. Qa4 Rc8 10. O-O a6 11. Bxc6 Rxc6 12. Rac1 Bg4 13. Ne2 Nb6 14. Qb3 Rxc1
15. Rxc1 Bd6 16. a4 Bxf3 17. gxf3 O-O 18. a5 Nc4 19. Qxb7 Bxf4 20. Nxf4 Qxa5
21. Qe7 Qd2 22. Ra1 Qxb2 23. Rxa6 Qb1+ 24. Kg2 Nd2 25. Rd6 Qf1+ 26. Kg3 Qg1+
27. Kh3 Nf1 28. Nh5 Qxh2+ 29. Kg4 Nxe3+ 30. fxe3 f5+ 31. Kg5 h6+ 32. Kg6 Qg2+
33. Ng3 Rf6+ 0-1

[Event "III C.to Mondiale a squadre U26"]
[Site "Graz AUT"]
[Date "1981.08.22"]
[Round "6.4"]
[White "Sanna, Gianlazzaro"]
[Black "Van Mil, Johannes A.J."]
[WhiteElo "2255"]
[BlackElo "2230"]
[Result "0-1"]
[Annotator "ITA-NED"]
[PlyCount "80"]
[EventDate "1981.08.16"]

1. c4 e5 2. Nc3 Nc6 3. Nf3 Nf6 4. g3 d5 5. cxd5 Nxd5 6. Bg2 Nb6 7. O-O Be7 8.
d3 O-O 9. a3 f5 10. b4 a6 11. Bb2 Bf6 12. Na4 Nxa4 13. Qxa4 Be6 14. Rfd1 Rf7
15. Nd2 e4 16. Bxf6 Qxf6 17. e3 Rd8 18. d4 g5 19. Rac1 Bd5 20. Rc4 b6 21. Rc3
f4 22. Qc2 fxe3 23. fxe3 Nxd4 24. exd4 Qxd4+ 25. Kh1 e3 26. Nf3 Rxf3 27. Qe2
Qxc3 28. Bxf3 Bxf3+ 29. Qxf3 Rxd1+ 30. Qxd1 Qe5 31. Qd8+ Kf7 32. Qd7+ Kg6 33.
Qc6+ Kf7 34. Qd7+ Qe7 35. Qf5+ Kg7 36. Qc2 e2 37. Qc3+ Kg8 38. Qe1 Qe3 39. Kg2
g4 40. h3 h5 0-1

[Event "III C.to Mondiale a squadre U26"]
[Site "Graz AUT"]
[Date "1981.08.23"]
[Round "7.1"]
[White "Bernstein, David"]
[Black "Iannaccone, Ernesto"]
[WhiteElo "2455"]
[BlackElo "2295"]
[Result "0-1"]
[Annotator "ITA-ISR"]
[PlyCount "112"]
[EventDate "1981.08.16"]

1. d4 Nf6 2. c4 e6 3. g3 d5 4. Bg2 Be7 5. Nf3 O-O 6. O-O dxc4 7. Qc2 a6 8. a4
Bd7 9. Qxc4 Bc6 10. Bf4 a5 11. Nc3 Na6 12. Rfe1 Bd5 13. Nxd5 exd5 14. Qb5 Ra7
15. Rac1 c6 16. Qd3 Nb4 17. Qb1 Re8 18. Ne5 Ra8 19. Bh3 Bd6 20. Rc3 Ne4 21. Rf3
f6 22. Nd3 Bxf4 23. Rxf4 Qb6 24. Nc5 Nxc5 25. dxc5 Qxc5 26. Bf5 h6 27. e3 Re5
28. h4 Rae8 29. Rc1 Qe7 30. Bh7+ Kh8 31. Bg6 Rd8 32. b3 c5 33. Qb2 b6 34. Kg2
Qb7 35. Kh2 Qe7 36. Bb1 Re8 37. Kg2 Qd6 38. Rd1 Qe6 39. Qc3 Rd8 40. Qd2 Rf8 41.
g4 d4 42. exd4 Re2 43. Qc1 Nd5 44. Bd3 Nxf4+ 45. Qxf4 Qd5+ 46. Kh2 Re7 47. Bc4
Re4 48. Bxd5 Rxf4 49. dxc5 bxc5 50. Rc1 Rxg4 51. Rxc5 Rxh4+ 52. Kg3 Rh5 53. Rb5
Rd8 54. Be4 Rxb5 55. axb5 Rd4 56. Bc6 Rb4 0-1

[Event "III C.to Mondiale a squadre U26"]
[Site "Graz AUT"]
[Date "1981.08.23"]
[Round "7.2"]
[White "Trabattoni, Franco"]
[Black "Grinberg, Nir"]
[WhiteElo "2310"]
[BlackElo "2380"]
[Result "0-1"]
[Annotator "ITA-ISR"]
[PlyCount "80"]
[EventDate "1981.08.16"]

1. e4 e5 2. Nf3 Nc6 3. Bb5 g6 4. O-O Bg7 5. c3 d6 6. h3 Nf6 7. d4 Bd7 8. Nbd2
O-O 9. a4 Nh5 10. Nb3 a6 11. Bc4 Nf4 12. d5 Nb8 13. Bxf4 exf4 14. Nbd4 Re8 15.
Ne6 fxe6 16. dxe6 Kh8 17. exd7 Nxd7 18. Re1 a5 19. Qd5 Ne5 20. Nxe5 Bxe5 21.
Qd3 Qf6 22. Qf3 Kg7 23. Rad1 h5 24. Be2 Rh8 25. Qd3 c6 26. Qc4 Raf8 27. Rd3 Rf7
28. Red1 Qe7 29. b4 Qc7 30. b5 g5 31. Bf3 Rh6 32. Qb3 Qc8 33. Be2 g4 34. c4 c5
35. Bf1 Qd8 36. Qc2 f3 37. Qd2 Rg6 38. Rd5 Qf6 39. Kh1 fxg2+ 40. Bxg2 gxh3 0-1

[Event "III C.to Mondiale a squadre U26"]
[Site "Graz AUT"]
[Date "1981.08.23"]
[Round "7.3"]
[White "Greenfeld, Alon"]
[Black "Vallifuoco, Giovanni"]
[WhiteElo "2295"]
[BlackElo "2320"]
[Result "1-0"]
[Annotator "ITA-ISR"]
[PlyCount "59"]
[EventDate "1981.08.16"]

1. Nf3 Nf6 2. g3 g6 3. Bg2 Bg7 4. O-O O-O 5. d4 d6 6. c4 Nc6 7. Nc3 a6 8. b3
Rb8 9. Bb2 b5 10. cxb5 axb5 11. Rc1 Na5 12. Qc2 c6 13. e4 b4 14. Nd1 Ba6 15.
Re1 Qb6 16. Ne3 d5 17. e5 Ne4 18. Nd2 Nxd2 19. Qxd2 Nb7 20. h4 e6 21. h5 c5 22.
dxc5 Nxc5 23. Bd4 Rfc8 24. Ng4 Rb7 25. Nf6+ Kh8 26. Qf4 Qa5 27. Bxc5 Rxc5 28.
Rxc5 Qxc5 29. Rc1 Qf8 30. h6 1-0

[Event "III C.to Mondiale a squadre U26"]
[Site "Graz AUT"]
[Date "1981.08.23"]
[Round "7.4"]
[White "Coppini, Giorgio"]
[Black "Comai, Ofer"]
[WhiteElo "2265"]
[BlackElo "2340"]
[Result "1/2-1/2"]
[Annotator "ITA-ISR"]
[PlyCount "79"]
[EventDate "1981.08.16"]

1. c4 c6 2. Nf3 d5 3. e3 Nf6 4. Nc3 e6 5. d4 Nbd7 6. Qc2 Bd6 7. Be2 O-O 8. O-O
a6 9. e4 dxe4 10. Nxe4 Nxe4 11. Qxe4 h6 12. Bd3 Nf6 13. Qe2 c5 14. dxc5 Bxc5
15. Bd2 b6 16. b4 Bd6 17. Bc3 Bb7 18. Ne5 Qe7 19. Rab1 Rfd8 20. Rfd1 Rac8 21.
h3 Nd7 22. f4 Nxe5 23. fxe5 Bb8 24. Qe3 Bc7 25. Be2 Bc6 26. c5 b5 27. Rxd8+
Rxd8 28. Rd1 Rxd1+ 29. Bxd1 Qd8 30. Bc2 Qd5 31. Qe2 a5 32. Bb3 Qd8 33. bxa5
Bxa5 34. Bxa5 Qxa5 35. Qe3 Qa3 36. Qc3 Be4 37. c6 b4 38. Qc5 Qb2 39. Bc2 Qc1+
40. Kh2 1/2-1/2

[Event "III C.to Mondiale a squadre U26"]
[Site "Graz AUT"]
[Date "1981.08.25"]
[Round "8.1"]
[White "Messa, Roberto"]
[Black "Groth, Morten"]
[WhiteElo "2290"]
[BlackElo "2235"]
[Result "0-1"]
[Annotator "ITA-NOR"]
[PlyCount "76"]
[EventDate "1981.08.16"]

1. e4 c5 2. Nf3 e6 3. d4 cxd4 4. Nxd4 Nf6 5. Nc3 Nc6 6. Ndb5 d6 7. Bf4 e5 8.
Bg5 a6 9. Bxf6 gxf6 10. Na3 b5 11. Nd5 f5 12. Nxb5 axb5 13. Bxb5 Bd7 14. exf5
Qh4 15. O-O Rb8 16. a4 Be7 17. f4 Rg8 18. Ra3 Nd4 19. Bxd7+ Kxd7 20. b4 Qg4 21.
Qxg4 Rxg4 22. fxe5 dxe5 23. Rd3 Bg5 24. b5 Rd8 25. a5 Kc8 26. c4 Kb8 27. a6
Ne2+ 28. Kf2 Nf4 29. Kf3 h5 30. h3 e4+ 31. Kxe4 Nxd5+ 32. hxg4 Nf6+ 33. Ke5
Nxg4+ 34. Ke4 Nf6+ 35. Ke5 Rxd3 36. Rb1 h4 37. b6 Nd7+ 38. Ke4 Nc5+ 0-1

[Event "III C.to Mondiale a squadre U26"]
[Site "Graz AUT"]
[Date "1981.08.25"]
[Round "8.2"]
[White "Orseth, Dag S."]
[Black "Iannaccone, Ernesto"]
[WhiteElo "2300"]
[BlackElo "2295"]
[Result "1/2-1/2"]
[Annotator "ITA-NOR"]
[PlyCount "70"]
[EventDate "1981.08.16"]

1. d4 Nf6 2. Bg5 c5 3. Bxf6 gxf6 4. d5 Qb6 5. Qc1 f5 6. e3 Bg7 7. c3 e6 8. Nh3
h5 9. Na3 d6 10. dxe6 fxe6 11. Nf4 Nc6 12. Be2 h4 13. Bh5+ Kd8 14. Nc4 Qc7 15.
Qd2 Be5 16. Nxe5 Nxe5 17. O-O-O d5 18. Be2 Ke7 19. c4 dxc4 20. Qc3 Kf7 21. Nh5
Rh7 22. f4 Nd3+ 23. Bxd3 Rxh5 24. Bxc4 Bd7 25. Rd2 b5 26. Rhd1 Be8 27. Be2 Rh6
28. Rd6 Rc8 29. Qe5 c4 30. e4 c3 31. b3 c2 32. R1d2 Qa5 33. a4 Qb4 34. Bh5+ Kf8
35. Qb2 Bxh5 1/2-1/2

[Event "III C.to Mondiale a squadre U26"]
[Site "Graz AUT"]
[Date "1981.08.25"]
[Round "8.3"]
[White "Coppini, Giorgio"]
[Black "Stigar, Petter"]
[WhiteElo "2265"]
[BlackElo "2225"]
[Result "0-1"]
[Annotator "ITA-NOR"]
[PlyCount "70"]
[EventDate "1981.08.16"]

1. c4 c5 2. Nc3 g6 3. g3 Bg7 4. Bg2 Nc6 5. Nf3 e6 6. O-O Nge7 7. d3 O-O 8. Bd2
d5 9. cxd5 exd5 10. a3 Bf5 11. Rc1 Rc8 12. e4 dxe4 13. dxe4 Be6 14. Be3 Nd4 15.
Qa4 Nec6 16. Nd2 a6 17. Rfe1 Ne5 18. Bxd4 cxd4 19. Nd5 Bxd5 20. Rxc8 Qxc8 21.
exd5 Nd3 22. Rb1 Qf5 23. f4 Nc5 24. Qc4 Rc8 25. a4 b5 26. axb5 axb5 27. Qxb5
Qc2 28. b4 Na4 29. Rf1 Nb2 30. Ne4 Nc4 31. Rf2 Qb1+ 32. Bf1 Qxe4 33. Bxc4 d3
34. Bxd3 Rc1+ 35. Rf1 Bd4# 0-1